[Event "CYCC U10"]
[Site "Calgary CAN"]
[Date "2023.07.19"]
[Round "2.162"]
[White "Vu, Huy Minh"]
[Black "Xu, Ryan"]
[Result "1-0"]
[WhiteElo "1273"]
[BlackElo "1909"]
[PlyCount "77"]
[EventDate "2023.07.19"]
[EventType "swiss"]
[EventRounds "7"]
[EventCountry "CAN"]

1. e4 c5 2. Nf3 d6 3. d4 cxd4 4. Nxd4 Nf6 5. Nc3 a6 6. Bg5 e6 7. f4 h6 8. Bxf6
Qxf6 9. Qd2 Nc6 10. Nb3 b5 11. g3 Bb7 12. Bg2 O-O-O 13. O-O-O g6 14. Qe3 Bg7
15. Qb6 Qe7 16. e5 d5 17. Nc5 Qc7 18. Nxd5 Qxb6 19. Nxb6+ Kc7 20. Nbd7 Bc8 21.
Bxc6 Kxc6 22. Rd6+ Kc7 23. Rhd1 a5 24. R1d3 Bxd7 25. Rxd7+ Rxd7 26. Rxd7+ Kc6
27. Rxf7 Bxe5 28. Nxe6 Bd6 29. Nd4+ Kc5 30. c3 Re8 31. Kd2 b4 32. Rb7 bxc3+ 33.
Kd3 Be7 34. bxc3 a4 35. Rb5+ Kd6 36. Rb6+ Kd7 37. Rxg6 Rb8 38. Re6 Rb2 39. Re2
1-0

[Event "CYCC U10"]
[Site "Calgary CAN"]
[Date "2023.07.19"]
[Round "2.163"]
[White "Zhu, Elber"]
[Black "Dembla, Shabd"]
[Result "1-0"]
[WhiteElo "1815"]
[BlackElo "1274"]
[PlyCount "49"]
[EventDate "2023.07.19"]
[EventType "swiss"]
[EventRounds "7"]
[EventCountry "CAN"]

1. e4 c5 2. Nf3 d6 3. Bb5+ Bd7 4. Bxd7+ Nxd7 5. c4 e5 6. Nc3 Ngf6 7. O-O Be7 8.
d3 h6 9. a3 O-O 10. Rb1 b6 11. Ne1 a6 12. Nc2 Qc7 13. Ne3 Rfb8 14. Nf5 Bf8 15.
a4 Kh7 16. Qd2 Rb7 17. f4 exf4 18. Rxf4 Ne5 19. Rh4 Kg8 20. Qe2 Ng6 21. Rh3 Re8
22. Qf3 Ne7 23. Nxh6+ gxh6 24. Qxf6 Bg7 25. Qf3 1-0

[Event "CYCC U10"]
[Site "Calgary CAN"]
[Date "2023.07.19"]
[Round "2.164"]
[White "Yin, Andrew"]
[Black "Mutyalapati, Modith Aaroh"]
[Result "0-1"]
[WhiteElo "1171"]
[BlackElo "1581"]
[PlyCount "144"]
[EventDate "2023.07.19"]
[EventType "swiss"]
[EventRounds "7"]
[EventCountry "CAN"]

1. e4 e5 2. Nf3 Nc6 3. d4 exd4 4. Bc4 Nf6 5. O-O d6 6. Nxd4 Nxd4 7. Qxd4 Be7 8.
Nc3 O-O 9. b3 Be6 10. Nd5 Nxd5 11. exd5 Bf6 12. Qe4 Bxd5 13. Qxd5 Bxa1 14. Qxb7
Be5 15. Be3 a5 16. f4 Bf6 17. g4 Rb8 18. Qd5 Qd7 19. Qh5 Rbe8 20. Bd2 g6 21.
Qh3 Bd4+ 22. Kh1 Qc6+ 23. Qf3 Qxf3+ 24. Rxf3 d5 25. Bxd5 Re2 26. Rd3 c5 27. a3
Rf2 28. b4 Re8 29. Bf3 cxb4 30. axb4 axb4 31. Bxb4 Bc5 32. Bc3 Rb8 33. Bd1 Rb1
34. Rd8+ Bf8 35. Kg1 Rxc2 36. Bb4 Rxd1+ 37. Rxd1 Bxb4 38. Rd8+ Kg7 39. h3 Bc5+
40. Kh1 Rf2 41. Rd5 Be3 42. f5 gxf5 43. gxf5 Kf6 44. Rd3 Bf4 45. Kg1 Ra2 46.
Rd5 Be5 47. Kf1 Kxf5 48. Ke1 Ke4 49. Rb5 f5 50. Rb4+ Kd3 51. Rb1 f4 52. Rd1+
Ke3 53. Kf1 f3 54. Re1+ Re2 55. h4 Bg3 56. Ra1 Rh2 57. Ra3+ Kf4 58. Ra4+ Kf5
59. Ra5+ Kg4 60. Ra4+ Kh3 61. Kg1 f2+ 62. Kf1 Rh1+ 63. Ke2 f1=Q+ 64. Kd2 Rh2+
65. Ke3 Qe2+ 66. Kd4 Qe5+ 67. Kd3 Qb5+ 68. Kc3 Be5+ 69. Rd4 Qb2+ 70. Kc4 Qxd4+
71. Kb3 Rb2+ 72. Ka3 Qb4# 0-1

[Event "CYCC U10"]
[Site "Calgary CAN"]
[Date "2023.07.19"]
[Round "2.165"]
[White "Zhu, Edison"]
[Black "Yang, Larry"]
[Result "1-0"]
[WhiteElo "1501"]
[BlackElo "1170"]
[PlyCount "119"]
[EventDate "2023.07.19"]
[EventType "swiss"]
[EventRounds "7"]
[EventCountry "CAN"]

1. e4 c6 2. d4 d5 3. exd5 cxd5 4. c4 Nf6 5. Nc3 Bf5 6. Nf3 e6 7. c5 Nc6 8. Bb5
Bg4 9. Qa4 Bxf3 10. Bxc6+ bxc6 11. Qxc6+ Nd7 12. gxf3 Be7 13. Bf4 a6 14. Rg1
Bf6 15. O-O-O O-O 16. Rg2 Re8 17. Bh6 Nf8 18. Rdg1 Ng6 19. Bg5 Bxg5+ 20. Rxg5
Qf6 21. Qa4 Qxf3 22. R5g2 e5 23. dxe5 Rxe5 24. Qd4 Rae8 25. Qd1 Qf4+ 26. Qd2
Qxd2+ 27. Kxd2 d4 28. Na4 Re2+ 29. Kc1 d3 30. f3 Rd8 31. Nc3 Rxg2 32. Rxg2 Ne5
33. Rf2 Nc4 34. Ne4 f5 35. Nd2 Ne3 36. Nb3 Nc4 37. Nd2 Ne5 38. b4 Nc6 39. a3
Nd4 40. Kb2 Kf7 41. Nc4 Ne2 42. Ne5+ Ke6 43. Nxd3 Rxd3 44. Rxe2+ Kd7 45. f4 Rd4
46. Rf2 Kc6 47. Kc3 Kd5 48. Rd2 Rxd2 49. Kxd2 g6 50. a4 h6 51. h4 Kc6 52. Kd3
Kd5 53. Ke3 h5 54. Kd3 Kc6 55. Kc4 Kc7 56. b5 a5 57. Kd5 Kd7 58. c6+ Kc7 59.
b6+ Kxb6 60. Kd6 1-0

[Event "CYCC U10"]
[Site "Calgary CAN"]
[Date "2023.07.19"]
[Round "2.166"]
[White "Fung, Ryan"]
[Black "Yu, Zongyan"]
[Result "0-1"]
[WhiteElo "1096"]
[BlackElo "1493"]
[PlyCount "64"]
[EventDate "2023.07.19"]
[EventType "swiss"]
[EventRounds "7"]
[EventCountry "CAN"]

1. e4 c6 2. d4 d5 3. exd5 cxd5 4. Nf3 Nc6 5. Bb5 Nf6 6. Ne5 Bd7 7. Nxd7 Qxd7 8.
O-O e6 9. Bf4 Bd6 10. Bg5 Ne4 11. Qc1 O-O 12. Be3 f5 13. Bd3 f4 14. Bd2 Nxd4
15. Bc3 Nxc3 16. Nxc3 f3 17. g3 Bb4 18. Qd2 Bxc3 19. Qxc3 e5 20. Rfe1 Rac8 21.
Qd2 Rxc2 22. Qb4 Ne2+ 23. Bxe2 fxe2 24. Qb3 Qc6 25. Qe3 Qb6 26. Rxe2 Qxe3 27.
Rxe3 Rfxf2 28. Rxe5 Rg2+ 29. Kh1 Rxh2+ 30. Kg1 Rcg2+ 31. Kf1 Rxb2 32. Rxd5 Rh1#
0-1

[Event "CYCC U10"]
[Site "Calgary CAN"]
[Date "2023.07.19"]
[Round "2.167"]
[White "Wang, Lucas"]
[Black "Vigneshwaran, Vidyuth"]
[Result "1-0"]
[WhiteElo "1472"]
[BlackElo "1072"]
[PlyCount "65"]
[EventDate "2023.07.19"]
[EventType "swiss"]
[EventRounds "7"]
[EventCountry "CAN"]

1. d4 d5 2. Bf4 Nf6 3. e3 Bf5 4. Nf3 e6 5. Be2 Bd6 6. Bg3 O-O 7. O-O c6 8. c4
Ne4 9. Bd3 Qc7 10. Qe2 Nd7 11. Nbd2 Ndf6 12. Rac1 Bg4 13. Rfd1 Rfe8 14. cxd5
exd5 15. Bb5 Bxg3 16. hxg3 Nxg3 17. fxg3 Qxg3 18. Bd3 Nh5 19. Qf2 Bxf3 20. Nxf3
Qh4 21. Ne5 Qg5 22. Qxf7+ Kh8 23. Qf2 Ng3 24. Nf7+ Kg8 25. Nxg5 Nh5 26. Qf7+
Kh8 27. Qxh5 h6 28. Nf7+ Kg8 29. Nxh6+ gxh6 30. Qg6+ Kf8 31. Rf1+ Ke7 32. Rf7+
Kd8 33. Qd6+ 1-0

[Event "CYCC U10"]
[Site "Calgary CAN"]
[Date "2023.07.19"]
[Round "2.168"]
[White "Pan, Julian"]
[Black "Bi, William"]
[Result "0-1"]
[WhiteElo "990"]
[BlackElo "1470"]
[PlyCount "116"]
[EventDate "2023.07.19"]
[EventType "swiss"]
[EventRounds "7"]
[EventCountry "CAN"]

1. e4 e5 2. Nf3 Nc6 3. Bb5 a6 4. Ba4 Bc5 5. c3 Nf6 6. d3 b5 7. Bc2 d5 8. O-O
O-O 9. Bg5 Be7 10. Nbd2 dxe4 11. Nxe4 Nxe4 12. Bxe7 Qxe7 13. dxe4 Bg4 14. Qd3
Rad8 15. Qe3 Bxf3 16. Qxf3 Rd2 17. Rac1 Rfd8 18. Rfd1 Qd6 19. Bb3 Qf6 20. Qxf6
gxf6 21. Bd5 Rxd1+ 22. Rxd1 Rd6 23. b4 Ne7 24. f3 Nxd5 25. Rxd5 Rxd5 26. exd5
Kf8 27. Kf2 Ke7 28. Ke3 f5 29. g4 Kd6 30. gxf5 Kxd5 31. Kd3 f6 32. h3 h6 33. h4
h5 34. a4 bxa4 35. c4+ Kc6 36. Kc3 Kb6 37. Kb2 c5 38. Ka3 cxb4+ 39. Kxb4 a5+
40. Kxa4 Kc5 41. Kxa5 Kxc4 42. Kb6 Kd5 43. Kc7 e4 44. fxe4+ Kxe4 45. Kd6 Kxf5
46. Kd5 Kg4 47. Ke4 f5+ 48. Ke3 Kg3 49. Ke2 f4 50. Kf1 Kf3 51. Kg1 Ke2 52. Kg2
f3+ 53. Kg3 f2 54. Kh3 f1=Q+ 55. Kh2 Qf4+ 56. Kh3 Qg4+ 57. Kh2 Kf2 58. Kh1 Qg1#
0-1

[Event "CYCC U10"]
[Site "Calgary CAN"]
[Date "2023.07.19"]
[Round "2.169"]
[White "Dunikov, David"]
[Black "Bhaumik, Rishi"]
[Result "1-0"]
[WhiteElo "1454"]
[BlackElo "995"]
[PlyCount "95"]
[EventDate "2023.07.19"]
[EventType "swiss"]
[EventRounds "7"]
[EventCountry "CAN"]

1. Nf3 d5 2. c4 Nf6 3. b3 g6 4. Bb2 Bg7 5. g3 Bg4 6. Bg2 Nc6 7. O-O e6 8. d3
Ne7 9. Ne1 O-O 10. f3 Nf5 11. Rf2 Ne3 12. Qc1 Nxg2 13. Kxg2 Bf5 14. g4 Bxg4 15.
fxg4 Nxg4 16. Bxg7 Nxf2 17. Bxf8 Kxf8 18. Qb2 Ng4 19. Qh8+ Ke7 20. Qxd8+ Rxd8
21. Nd2 d4 22. Nc2 c5 23. Kg3 f5 24. h3 Ne5 25. Rb1 a5 26. a3 Kf6 27. b4 axb4
28. axb4 b6 29. bxc5 bxc5 30. Rf1 h5 31. Ne4+ Ke7 32. Nxc5 Rc8 33. Nb3 g5 34.
Ncxd4 Kf6 35. Nf3 Nxf3 36. Kxf3 g4+ 37. hxg4 hxg4+ 38. Kg3 Rh8 39. Kg2 Kg5 40.
Nd4 Rh6 41. c5 Rf6 42. c6 e5 43. c7 Rf8 44. Ne6+ Kf6 45. Nxf8 Ke7 46. c8=Q e4
47. Rxf5 e3 48. Qd7# 1-0

[Event "CYCC U10"]
[Site "Calgary CAN"]
[Date "2023.07.19"]
[Round "2.170"]
[White "Yao, Lucas"]
[Black "Nguyen, Dennis"]
[Result "1-0"]
[WhiteElo "1419"]
[BlackElo "984"]
[PlyCount "99"]
[EventDate "2023.07.19"]
[EventType "swiss"]
[EventRounds "7"]
[EventCountry "CAN"]

1. e4 e5 2. Nf3 Nc6 3. Bb5 a6 4. Bxc6 dxc6 5. O-O Bd6 6. d3 h6 7. Nc3 Nf6 8. h3
O-O 9. Be3 Re8 10. Ne2 Bd7 11. Ng3 b5 12. Nh4 Nxe4 13. dxe4 Qxh4 14. Bc5 Bxc5
15. Qxd7 Qxg3 16. Qxc6 Ba7 17. Qxc7 Qf4 18. Rae1 Rec8 19. Qb7 Qf6 20. Qd5 Qe6
21. Qd3 Qc4 22. Qd6 Qc7 23. Qd5 Qxc2 24. Qxe5 Qd2 25. Rd1 Qa5 26. a3 Qc7 27.
Qf5 Bb8 28. g3 Ba7 29. Kg2 Qc5 30. Rd5 Qc7 31. Rd7 Qc4 32. Rc1 Qe6 33. Qxe6
fxe6 34. Rxa7 Rxc1 35. Rxa8+ Kf7 36. Rxa6 Rb1 37. b4 Ra1 38. Kf3 Kf6 39. Ra5 g5
40. Kg4 Kg6 41. Ra6 Kf6 42. Ra5 Kg6 43. e5 h5+ 44. Kf3 Kf5 45. g4+ hxg4+ 46.
hxg4+ Kg6 47. Ke4 Re1+ 48. Kd4 Rd1+ 49. Kc5 Rd5+ 50. Kc6 1-0

[Event "CYCC U10"]
[Site "Calgary CAN"]
[Date "2023.07.19"]
[Round "2.171"]
[White "Moses, Niam"]
[Black "Wu, Bowen"]
[Result "0-1"]
[WhiteElo "860"]
[BlackElo "1417"]
[PlyCount "44"]
[EventDate "2023.07.19"]
[EventType "swiss"]
[EventRounds "7"]
[EventCountry "CAN"]

1. e4 c5 2. Nf3 Nc6 3. Bb5 e6 4. O-O Nge7 5. c3 a6 6. Bxc6 Nxc6 7. d4 cxd4 8.
cxd4 d5 9. e5 Be7 10. Bf4 Bd7 11. Re1 Qb6 12. b3 h6 13. Nc3 Rc8 14. Na4 Qc7 15.
Rc1 b5 16. Nc5 Bxc5 17. Rxc5 Qb6 18. Qc1 Ke7 19. a3 Nxd4 20. Rxc8 Nxf3+ 21.
gxf3 Rxc8 22. Qb1 Qa5 0-1

[Event "CYCC U10"]
[Site "Calgary CAN"]
[Date "2023.07.19"]
[Round "2.172"]
[White "Liu, Zipei"]
[Black "Villamar, Flyn"]
[Result "0-1"]
[WhiteElo "1364"]
[BlackElo "984"]
[PlyCount "60"]
[EventDate "2023.07.19"]
[EventType "swiss"]
[EventRounds "7"]
[EventCountry "CAN"]

1. d4 d5 2. c4 e6 3. Nf3 Nc6 4. Nc3 Nf6 5. Bg5 Be7 6. e3 h6 7. Bh4 b6 8. Qa4
Bd7 9. cxd5 Nxd5 10. Nxd5 exd5 11. Bxe7 Nxe7 12. Qb3 Be6 13. Ne5 f6 14. Bb5+
Kf8 15. Qb4 fxe5 16. dxe5 Bd7 17. Qf4+ Kg8 18. Bd3 Qf8 19. Qg3 Bf5 20. Be2 Qf7
21. O-O Qg6 22. Qh4 Nc6 23. f4 Nb4 24. Kf2 Be4 25. g4 h5 26. f5 Qf7 27. Kg3
hxg4 28. Qxg4 Nc2 29. Qf4 Nxa1 30. Rxa1 Qxf5 0-1

[Event "CYCC U10"]
[Site "Calgary CAN"]
[Date "2023.07.19"]
[Round "2.173"]
[White "Radic, Marko"]
[Black "Chua, Zachary"]
[Result "0-1"]
[WhiteElo "766"]
[BlackElo "1355"]
[PlyCount "84"]
[EventDate "2023.07.19"]
[EventType "swiss"]
[EventRounds "7"]
[EventCountry "CAN"]

1. e4 c5 2. Nc3 d6 3. f4 Nf6 4. Nf3 g6 5. Bb5+ Nc6 6. Bxc6+ bxc6 7. O-O Bg7 8.
d3 e6 9. Qe1 O-O 10. Qh4 Nd7 11. Qh3 d5 12. e5 f5 13. exf6 Nxf6 14. f5 exf5 15.
Bh6 f4 16. Qh4 Bxh6 17. Qxh6 Ng4 18. Qh4 Qxh4 19. Nxh4 Ne3 20. Rf2 Rb8 21. b3
Bd7 22. Nd1 d4 23. Nxe3 fxe3 24. Rxf8+ Rxf8 25. Rf1 Rxf1+ 26. Kxf1 Bg4 27. Nf3
Bxf3 28. gxf3 Kf7 29. Ke2 Kf6 30. c3 Kg5 31. b4 Kf4 32. cxd4 cxd4 33. a3 g5 34.
a4 h5 35. b5 cxb5 36. axb5 g4 37. fxg4 hxg4 38. Ke1 Kf3 39. Kf1 e2+ 40. Ke1 Ke3
41. b6 axb6 42. h3 g3 0-1

[Event "CYCC U10"]
[Site "Calgary CAN"]
[Date "2023.07.19"]
[Round "2.174"]
[White "Zhang, Kai Zhongkai"]
[Black "Kola, Venkata Saket Reddy"]
[Result "1-0"]
[WhiteElo "1341"]
[BlackElo "973"]
[PlyCount "95"]
[EventDate "2023.07.19"]
[EventType "swiss"]
[EventRounds "7"]
[EventCountry "CAN"]

1. e4 c5 2. Nf3 Nc6 3. d4 cxd4 4. Nxd4 Nf6 5. Nc3 e5 6. Ndb5 d6 7. Bg5 a6 8.
Na3 b5 9. Bxf6 Qxf6 10. Nd5 Qd8 11. Bxb5 Qa5+ 12. b4 Qxa3 13. Bxc6+ Bd7 14.
Bxa8 a5 15. Qd3 Qa4 16. Qb3 Qxb3 17. axb3 axb4 18. Nxb4 f5 19. Bd5 Be7 20. exf5
Rf8 21. Ra8+ Bd8 22. Nc6 Bxc6 23. Bxc6+ Ke7 24. O-O Rxf5 25. Rfa1 Bb6 26. Re8+
Kf7 27. Rf1 Rg5 28. Rb8 Bc5 29. Bd5+ Kg6 30. Rf8 Kh6 31. g3 e4 32. Bxe4 d5 33.
Bd3 Bxf8 34. Re1 Bb4 35. Re6+ g6 36. f4 Rh5 37. Re5 Rxe5 38. fxe5 Kg5 39. Kf2
Bc3 40. h4+ Kh6 41. e6 Kg7 42. Bb5 Bb4 43. Ke3 Be1 44. e7 Kf7 45. e8=Q+ Kg7 46.
Qe7+ Kh6 47. Qf8+ Kh5 48. Be2# 1-0

[Event "CYCC U10"]
[Site "Calgary CAN"]
[Date "2023.07.19"]
[Round "2.176"]
[White "Tsukerman, Leon"]
[Black "Yavorskyi, Yevhen"]
[Result "0-1"]
[WhiteElo "661"]
[BlackElo "1329"]
[PlyCount "82"]
[EventDate "2023.07.19"]
[EventType "swiss"]
[EventRounds "7"]
[EventCountry "CAN"]

1. e4 c5 2. Nf3 d6 3. Bb5+ Bd7 4. Bc4 Nf6 5. d3 g6 6. O-O Bg7 7. Bg5 O-O 8. Qd2
Nc6 9. Nc3 Bg4 10. Bd5 Bxf3 11. gxf3 Nxd5 12. exd5 Nd4 13. Qd1 Qd7 14. Ne4 h6
15. Be3 Qf5 16. Bxd4 Bxd4 17. Ng3 Qxd5 18. c3 Bg7 19. Re1 Rfe8 20. Re3 Rac8 21.
Qd2 h5 22. Rae1 Bh6 23. c4 Bxe3 24. Qxe3 Qc6 25. Nxh5 d5 26. cxd5 Qxd5 27. Ng3
Kg7 28. Qe5+ Qxe5 29. Rxe5 e6 30. Re4 Red8 31. Rh4 Rxd3 32. Kg2 Rd4 33. f4 Rd2
34. Ne4 Rxb2 35. Ng5 Rh8 36. Rg4 Rxa2 37. Kg3 f5 38. Nxe6+ Kf6 39. f3 fxg4 40.
Kxg4 Kxe6 41. Kg5 Rg2# 0-1

[Event "CYCC U10"]
[Site "Calgary CAN"]
[Date "2023.07.19"]
[Round "2.180"]
[White "Maslov, Yan"]
[Black "Li, Ryan"]
[Result "0-1"]
[WhiteElo "799"]
[BlackElo "1443"]
[PlyCount "90"]
[EventDate "2023.07.19"]
[EventType "swiss"]
[EventRounds "7"]
[EventCountry "CAN"]

1. e4 e5 2. Nf3 Nf6 3. Nc3 Bc5 4. Nxe5 Nc6 5. Nxc6 dxc6 6. Bc4 Ng4 7. Qe2 Nxf2
8. Rf1 Bg4 9. Qxf2 Bxf2+ 10. Rxf2 O-O 11. g3 Qd4 12. d3 b5 13. Bb3 a5 14. a4 b4
15. Ne2 Bxe2 16. Rxe2 Rae8 17. Rb1 Kh8 18. Be3 Qf6 19. Bf4 Re7 20. Rf2 Qd4 21.
Re2 f5 22. Be3 Qf6 23. Bc5 fxe4 24. Bxe7 Qxe7 25. Rxe4 Qf6 26. Rf4 Qe5+ 27. Re4
Qc5 28. d4 Qb6 29. c3 c5 30. Ba2 cxd4 31. cxb4 Qc6 32. Rxd4 Qh1+ 33. Kd2 Qxh2+
34. Kc3 Rf3+ 35. Kc4 Qc2+ 36. Kb5 Rf5+ 37. Ka6 Qc6+ 38. Ka7 Qb6+ 39. Ka8 Qxd4
40. bxa5 Qb4 41. Rf1 Rxf1 42. a6 Rf8+ 43. Ka7 Qe4 44. Bd5 Qxd5 45. a5 Ra8# 0-1

[Event "CYCC U10"]
[Site "Calgary CAN"]
[Date "2023.07.19"]
[Round "2.181"]
[White "Syed, Farhaan"]
[Black "Wu, Freddie"]
[Result "1-0"]
[WhiteElo "794"]
[BlackElo "1337"]
[PlyCount "81"]
[EventDate "2023.07.19"]
[EventType "swiss"]
[EventRounds "7"]
[EventCountry "CAN"]

1. d4 d5 2. c4 c6 3. Nc3 e6 4. Nf3 Bb4 5. Bd2 Ne7 6. a3 Bxc3 7. Bxc3 O-O 8. e3
Ng6 9. Bd3 Qf6 10. Qc2 Nd7 11. Bxg6 Qxg6 12. Qxg6 fxg6 13. cxd5 exd5 14. O-O
Nb6 15. Rfe1 Bg4 16. Ne5 Bf5 17. Bb4 Rf6 18. Bc5 Re8 19. Bxb6 axb6 20. g4 Bc8
21. a4 c5 22. h3 Ref8 23. Nd3 c4 24. Nf4 Be6 25. g5 Rxf4 26. exf4 Bxh3 27. Kh2
Bd7 28. Kg3 h6 29. a5 hxg5 30. fxg5 bxa5 31. Rxa5 Bc6 32. Re7 Kh7 33. Ra1 Rf5
34. f4 Bd7 35. Rh1+ Kg8 36. Ra1 Rf8 37. Ra7 Be8 38. Raxb7 Kh8 39. Rxg7 Bc6 40.
Rh7+ Kg8 41. Rbg7# 1-0

[Event "CYCC U10"]
[Site "Calgary CAN"]
[Date "2023.07.19"]
[Round "2.182"]
[White "Liu, William"]
[Black "Dave, Jashank"]
[Result "0-1"]
[WhiteElo "750"]
[BlackElo "1265"]
[PlyCount "72"]
[EventDate "2023.07.19"]
[EventType "swiss"]
[EventRounds "7"]
[EventCountry "CAN"]

1. Nf3 d5 2. c4 Nf6 3. cxd5 Bf5 4. Nc3 Nxd5 5. Nxd5 Qxd5 6. d3 Bg4 7. e4 Qh5 8.
Be2 Nc6 9. Bf4 Qa5+ 10. Bd2 Qb6 11. Bc3 Bxf3 12. Bxf3 e5 13. O-O Bc5 14. a3 O-O
15. b4 Bd4 16. Qc2 Bxc3 17. Qxc3 Nd4 18. Rfe1 Rad8 19. Rac1 c6 20. Qc5 Nxf3+
21. gxf3 Rxd3 22. Qxe5 Rxf3 23. Qb2 h6 24. e5 Qd8 25. Kh1 Qh4 26. Rc2 Rh3 27.
Kg1 Rxh2 28. Kf1 Rh1+ 29. Ke2 Qe4+ 30. Kd2 Qxe1+ 31. Kd3 Rd8+ 32. Kc4 Qe4+ 33.
Kb3 Rd3+ 34. Ka2 Qd5+ 35. Rc4 Qxc4+ 36. Qb3 Qxb3# 0-1

[Event "CYCC U10"]
[Site "Calgary CAN"]
[Date "2023.07.19"]
[Round "2.183"]
[White "Zhang, Jasper"]
[Black "Kwok, Jayden"]
[Result "1-0"]
[WhiteElo "1051"]
[BlackElo "757"]
[PlyCount "81"]
[EventDate "2023.07.19"]
[EventType "swiss"]
[EventRounds "7"]
[EventCountry "CAN"]

1. d4 d5 2. Nf3 Bf5 3. e3 Nc6 4. a3 e6 5. b3 a5 6. Bb2 Bd6 7. Nbd2 Nf6 8. Be2
O-O 9. O-O Re8 10. c4 b6 11. cxd5 exd5 12. Rc1 Ne7 13. Ne5 Bxe5 14. dxe5 Nd7
15. f4 Ng6 16. g4 Be4 17. Nxe4 dxe4 18. Bb5 Re7 19. Bc6 Rc8 20. Qd4 Nc5 21.
Bxe4 Qxd4 22. exd4 Nxe4 23. Rf3 c5 24. f5 Nf8 25. b4 axb4 26. axb4 Rec7 27. Re3
Nd2 28. Rc2 Nb1 29. Re1 cxd4 30. Rxc7 Rxc7 31. Rxb1 Rc4 32. Rd1 Rxb4 33. Bxd4
b5 34. h3 Rb3 35. Bc5 Rxh3 36. Rd8 h6 37. Rxf8+ Kh7 38. Rxf7 Rg3+ 39. Kf2 Rxg4
40. f6 Kg6 41. Rxg7+ 1-0

[Event "CYCC U10"]
[Site "Calgary CAN"]
[Date "2023.07.19"]
[Round "2.184"]
[White "Liao, Max"]
[Black "Wu, Yihang"]
[Result "0-1"]
[WhiteElo "742"]
[BlackElo "989"]
[PlyCount "78"]
[EventDate "2023.07.19"]
[EventType "swiss"]
[EventRounds "7"]
[EventCountry "CAN"]

1. d4 Nf6 2. c4 g6 3. Nc3 Bg7 4. e4 d6 5. Nf3 Nbd7 6. Be2 c5 7. O-O cxd4 8.
Nxd4 O-O 9. f3 Qc7 10. Be3 Ne5 11. b3 Nc6 12. Nd5 Nxd5 13. cxd5 Nxd4 14. Bxd4
e5 15. Be3 f5 16. Qd3 fxe4 17. fxe4 Bd7 18. Bg5 a6 19. Rxf8+ Rxf8 20. Rf1 Rxf1+
21. Bxf1 h6 22. Bd2 Qd8 23. Bb4 Bb5 24. Qe3 Bxf1 25. Kxf1 Kh7 26. Qf3 Qb6 27.
Bd2 Qd4 28. Qe2 Qa1+ 29. Be1 h5 30. Kf2 Bh6 31. Bb4 Qd4+ 32. Kf1 Qxb4 33. Qf3
Bg7 34. Qf7 Qb5+ 35. Kf2 Qc5+ 36. Kg3 Qe3+ 37. Kh4 Qf4+ 38. Qxf4 exf4 39. Kg5
Be5 0-1

[Event "CYCC U10"]
[Site "Calgary CAN"]
[Date "2023.07.19"]
[Round "2.185"]
[White "Law, Jesse"]
[Black "Zhong, Brian"]
[Result "1-0"]
[WhiteElo "978"]
[BlackElo "750"]
[PlyCount "57"]
[EventDate "2023.07.19"]
[EventType "swiss"]
[EventRounds "7"]
[EventCountry "CAN"]

1. e4 e5 2. Nf3 Nc6 3. Bc4 Nf6 4. d3 Bc5 5. Nc3 d6 6. h3 O-O 7. O-O h6 8. Be3
Bxe3 9. fxe3 Re8 10. Qd2 Be6 11. Bd5 Qd7 12. Rae1 Bxd5 13. exd5 Nb4 14. e4 c6
15. a3 Na6 16. b4 Nc7 17. Ne2 cxd5 18. exd5 Nfxd5 19. c4 Nf6 20. Ng3 Qc6 21.
Ne4 Qb6+ 22. Kh1 Nxe4 23. dxe4 Qc6 24. Qf2 Qxc4 25. Rc1 Qd3 26. Rxc7 Qxa3 27.
Nxe5 Rxe5 28. Qxf7+ Kh7 29. Qxg7# 1-0

[Event "CYCC U10"]
[Site "Calgary CAN"]
[Date "2023.07.19"]
[Round "2.186"]
[White "Lu, Samuel"]
[Black "Li, Markus"]
[Result "1-0"]
[WhiteElo "969"]
[BlackElo "725"]
[PlyCount "71"]
[EventDate "2023.07.19"]
[EventType "swiss"]
[EventRounds "7"]
[EventCountry "CAN"]

1. e4 e5 2. Nf3 Nc6 3. Bc4 Bc5 4. O-O Nf6 5. d3 h6 6. Nc3 d6 7. h3 O-O 8. Na4
a6 9. Nxc5 dxc5 10. Be3 b6 11. Qd2 Kh7 12. Rfe1 Nd4 13. Nxe5 Qe8 14. Bxd4 cxd4
15. Nf3 c5 16. Qf4 Bd7 17. Ne5 Qb8 18. Qh2 Qe8 19. Nxd7 Qxd7 20. Qg3 Rfc8 21.
a3 b5 22. Ba2 c4 23. Rac1 Ra7 24. Qf3 Rac7 25. Qe2 c3 26. b4 Ra7 27. Qf3 Rf8
28. Re2 a5 29. Bb3 axb4 30. axb4 Qe7 31. Qf5+ g6 32. Qxb5 Rb7 33. Qc5 Qd7 34.
Qxf8 Rc7 35. Qb8 Qd6 36. e5 1-0

[Event "CYCC U10"]
[Site "Calgary CAN"]
[Date "2023.07.19"]
[Round "2.187"]
[White "Delgashev, Victor"]
[Black "Gong, Edric"]
[Result "0-1"]
[WhiteElo "673"]
[BlackElo "961"]
[PlyCount "56"]
[EventDate "2023.07.19"]
[EventType "swiss"]
[EventRounds "7"]
[EventCountry "CAN"]

1. d4 Nf6 2. Bf4 Nc6 3. e3 e6 4. h3 b6 5. c3 Bb7 6. Nf3 Be7 7. Bd3 d5 8. Qc2 h6
9. Nbd2 Bd6 10. Bxd6 Qxd6 11. e4 e5 12. exd5 Nxd5 13. O-O O-O-O 14. dxe5 Nxe5
15. Nxe5 Qxe5 16. Rfe1 Qg5 17. Be4 Rhe8 18. Rad1 Nf6 19. Bxb7+ Kxb7 20. Nf3
Rxe1+ 21. Rxe1 Qd5 22. Nd4 Qxa2 23. Re7 Qd5 24. f3 Re8 25. Rxe8 Nxe8 26. Qa4 c6
27. Kf2 Nd6 28. Ke3 Nc4+ 0-1

[Event "CYCC U10"]
[Site "Calgary CAN"]
[Date "2023.07.19"]
[Round "2.188"]
[White "Surendran, Siddharth"]
[Black "Jin, Eric"]
[Result "1-0"]
[WhiteElo "961"]
[BlackElo "663"]
[PlyCount "37"]
[EventDate "2023.07.19"]
[EventType "swiss"]
[EventRounds "7"]
[EventCountry "CAN"]

1. e4 c5 2. d4 e6 3. Nf3 Nc6 4. d5 exd5 5. exd5 Qe7+ 6. Be2 Ne5 7. O-O Nf6 8.
Re1 g6 9. Nxe5 Qxe5 10. Bf3 Ne4 11. Rxe4 Qxe4 12. Bxe4 Bg7 13. d6 O-O 14. Bg5
Bxb2 15. Nd2 Bxa1 16. Qxa1 f5 17. Bd5+ Rf7 18. Bh6 b6 19. Qg7# 1-0

[Event "CYCC U10"]
[Site "Calgary CAN"]
[Date "2023.07.19"]
[Round "2.189"]
[White "Singh, Aarav"]
[Black "He, Hugh"]
[Result "0-1"]
[WhiteElo "602"]
[BlackElo "957"]
[PlyCount "26"]
[EventDate "2023.07.19"]
[EventType "swiss"]
[EventRounds "7"]
[EventCountry "CAN"]

1. e4 e5 2. Nf3 Nc6 3. Bc4 Bc5 4. Nc3 Nf6 5. d3 d6 6. O-O Bg4 7. Re1 Nd4 8. h3
Nxf3+ 9. gxf3 Bxh3 10. Bg5 h6 11. Bxf6 Qxf6 12. Nb5 Qg6+ 13. Kh2 Qg2# 0-1

[Event "CYCC U10"]
[Site "Calgary CAN"]
[Date "2023.07.19"]
[Round "2.190"]
[White "Levesque, Remi"]
[Black "Nguyen, Gia Minh"]
[Result "0-1"]
[WhiteElo "914"]
[BlackElo "658"]
[PlyCount "38"]
[EventDate "2023.07.19"]
[EventType "swiss"]
[EventRounds "7"]
[EventCountry "CAN"]

1. e4 e5 2. Bc4 Nf6 3. Qf3 Nc6 4. Qb3 d5 5. Bb5 dxe4 6. Qa4 Bd7 7. Bxc6 Bxc6 8.
Qb3 Bd6 9. Nh3 O-O 10. O-O h6 11. c4 a6 12. a4 b5 13. g4 bxa4 14. Rxa4 Bxa4 15.
Qxa4 Nxg4 16. b3 Qh4 17. Ba3 Qxh3 18. Rc1 Qxh2+ 19. Kf1 Qxf2# 0-1

[Event "CYCC U10"]
[Site "Calgary CAN"]
[Date "2023.07.19"]
[Round "2.191"]
[White "Zhang, Eric"]
[Black "Latour, Alex"]
[Result "0-1"]
[WhiteElo "468"]
[BlackElo "897"]
[PlyCount "40"]
[EventDate "2023.07.19"]
[EventType "swiss"]
[EventRounds "7"]
[EventCountry "CAN"]

1. e4 e5 2. Nf3 Nc6 3. c3 d6 4. d4 Bg4 5. Bc4 Na5 6. Qa4+ c6 7. d5 Nxc4 8. dxc6
bxc6 9. Qxc6+ Bd7 10. Qxc4 Rc8 11. Qd3 Rb8 12. O-O Bb5 13. c4 Qf6 14. cxb5 Nh6
15. Bg5 Qg6 16. Bxh6 Qxh6 17. Nc3 d5 18. Nxd5 g5 19. Nxe5 Bd6 20. Nc6 Qxh2# 0-1